| 000 | 00571nam a2200181Ia 4500 | ||
|---|---|---|---|
| 003 | GCL | ||
| 008 | 140319s9999 xx 000 0 ara d | ||
| 040 |
_aGCL / _cGCL |
||
| 082 | 0 | 4 |
_a811,9 _bب م |
| 100 | 1 | _aبيرم التونسى | |
| 245 | 1 | 0 |
_aمختارات بيرم التونسى / _cبيرم التونسى |
| 700 | 1 | _aيسرى العزب | |
| 300 | _a76 ص | ||
| 490 |
_aالاعمال المختارة _v0 |
||
| 650 | 0 | 4 | _aالشعر العربى - دواوين وقصائد |
| 650 | 0 | 4 | _aالشعر العربى - العصر الحديث |
| 942 |
_2ddc _cBK |
||
| 999 |
_c51754 _d51754 |
||